00684nam a2200217 a 450000100100000000500170001000800410002702000150006804000250008308200160010810000310012424500610015526000490021630000210026549000280028649000290031450000320034350000340037583000290040983000280043800002533420200930023720.0101216s2003 pr a r 000 | spa d a1932271163 aDO-SdBNPbspacBNPHU axxxxbG215q1 aGarcía Ríos , Cedar I.10aLos quitones de Puerto Rico /cCedar I. García Ríos. aSan Juan, Puerto Rico :bIsla Negra ,c2003. a208 p. ;c23 cm. aLa Biblioteca de Darwin1 aAcademia Contemporánea aBibliografía : p. 198-208 aIncluye glosario : p. 190-197 0aAcademia Contemporánea 3aLa Biblioteca de Darwin